000 00418nam a22001697a 4500
003 MPLRDC
005 20220104114739.0
008 210129b ||||| |||| 00| 0 eng d
020 _a7-5014-0800-9
082 _a861.57 GMBG
100 _a高木彬光
245 _a鬼面谋杀案
_c向陵、柏叶译
260 _a
_b群众出版社
_c
300 _b
650 _a日本现代小说
942 _cBK
_o861.57 GMBG
999 _c9913
_d9903